<?xml version="1.0" encoding="UTF-8"?>
<record
    xmlns:xsi="http://www.w3.org/2001/XMLSchema-instance"
    xsi:schemaLocation="http://www.loc.gov/MARC21/slim http://www.loc.gov/standards/marcxml/schema/MARC21slim.xsd"
    xmlns="http://www.loc.gov/MARC21/slim">

  <leader>03535njm a2200541Ia 4500</leader>
  <controlfield tag="001">24211</controlfield>
  <controlfield tag="003">IT-RoPAU</controlfield>
  <controlfield tag="005">20220918181125.0</controlfield>
  <controlfield tag="008">131025s9999    xx            000 0 und d</controlfield>
  <datafield tag="040" ind1=" " ind2=" ">
    <subfield code="a">IT-RoPAU</subfield>
  </datafield>
  <datafield tag="040" ind1=" " ind2=" ">
    <subfield code="c">IT-RoPAU</subfield>
  </datafield>
  <datafield tag="041" ind1=" " ind2=" ">
    <subfield code="a">ITALIANO</subfield>
  </datafield>
  <datafield tag="999" ind1=" " ind2=" ">
    <subfield code="c">100074</subfield>
    <subfield code="d">100074</subfield>
  </datafield>
  <datafield tag="999" ind1=" " ind2=" ">
    <subfield code="b">n.d.</subfield>
  </datafield>
  <datafield tag="100" ind1=" " ind2=" ">
    <subfield code="a">AA.VV.</subfield>
    <subfield code="9">794</subfield>
  </datafield>
  <datafield tag="100" ind1=" " ind2=" ">
    <subfield code="e">Autore musica</subfield>
    <subfield code="9">9602</subfield>
  </datafield>
  <datafield tag="100" ind1=" " ind2=" ">
    <subfield code="g">Codice autore musica SPICS: 12000</subfield>
    <subfield code="9">796</subfield>
  </datafield>
  <datafield tag="245" ind1=" " ind2=" ">
    <subfield code="a">Ritratto di Milva</subfield>
  </datafield>
  <datafield tag="250" ind1=" " ind2=" ">
    <subfield code="a">1a ed.</subfield>
  </datafield>
  <datafield tag="260" ind1=" " ind2=" ">
    <subfield code="a">MILANO</subfield>
  </datafield>
  <datafield tag="260" ind1=" " ind2=" ">
    <subfield code="b">RICORDI</subfield>
    <subfield code="c">1970 [1a Ed.:1970 - Ed. Lingua Orig.: 1970]</subfield>
  </datafield>
  <datafield tag="300" ind1=" " ind2=" ">
    <subfield code="a">DISCO</subfield>
  </datafield>
  <datafield tag="300" ind1=" " ind2=" ">
    <subfield code="c">35 minuti (Testo:  pag.)</subfield>
  </datafield>
  <datafield tag="500" ind1=" " ind2=" ">
    <subfield code="a">Canzone italiana, sentimentale. Musica leggera</subfield>
  </datafield>
  <datafield tag="505" ind1=" " ind2=" ">
    <subfield code="a">Se ritornerai [(Sogno) (3:00)] - Se piangere dovr&#xF2; [(I'd Do It All Again) (4:00)] - Un sorriso (4:00) - M'ama, non m'ama [(Mama) (3:00)] - L'immensit&#xE0; (4:00) - Dipingi un mondo per me (3:00) - Little Man (3:00) - Aveva un cuore grande (4:00) - Canzone(4:00) - Quando sali de Cuba [(Quando una stella cade) (3:00)] - Quando l'amore diventa poesia (3:00) - Ho capito che ti amo (3:00)</subfield>
  </datafield>
  <datafield tag="511" ind1=" " ind2=" ">
    <subfield code="a">Direttore d'orchestra: Pattacini Iller</subfield>
  </datafield>
  <datafield tag="650" ind1=" " ind2=" ">
    <subfield code="a">CANZONE ITALIAN [DISCHI]</subfield>
    <subfield code="e">Codice MATERIA SPICS: 9950</subfield>
    <subfield code="9">9603</subfield>
  </datafield>
  <datafield tag="700" ind1=" " ind2=" ">
    <subfield code="a">Milva (Biolcati Maria Ilva)</subfield>
    <subfield code="g">Codice interprete SPICS: 10793</subfield>
    <subfield code="e">Interprete</subfield>
    <subfield code="9">9604</subfield>
  </datafield>
  <datafield tag="700" ind1=" " ind2=" ">
    <subfield code="a">Schumann Robert</subfield>
    <subfield code="g">Codice autore musica SPICS: 11150</subfield>
    <subfield code="e">Autore musica</subfield>
    <subfield code="p">Se ritornerai (Sogno)</subfield>
    <subfield code="9">9605</subfield>
  </datafield>
  <datafield tag="700" ind1=" " ind2=" ">
    <subfield code="a">Medini</subfield>
    <subfield code="g">Codice autore musica SPICS: 15783</subfield>
    <subfield code="e">Autore musica</subfield>
    <subfield code="p">Se piangere dovr&#xF2;</subfield>
    <subfield code="9">9606</subfield>
  </datafield>
  <datafield tag="700" ind1=" " ind2=" ">
    <subfield code="a">Ahlert R.</subfield>
    <subfield code="g">Codice autore SPICS: 15745</subfield>
    <subfield code="e">Autore</subfield>
    <subfield code="p">Se piangere dovr&#xF2;</subfield>
    <subfield code="9">9607</subfield>
  </datafield>
  <datafield tag="700" ind1=" " ind2=" ">
    <subfield code="a">Carr Leroy</subfield>
    <subfield code="g">Codice autore testo/musica SPICS: 20449</subfield>
    <subfield code="e">Autore testo/musica</subfield>
    <subfield code="p">Se piangere dovr&#xF2;</subfield>
    <subfield code="9">9608</subfield>
  </datafield>
  <datafield tag="700" ind1=" " ind2=" ">
    <subfield code="a">Detto Mariano</subfield>
    <subfield code="g">Codice autore SPICS: 18009</subfield>
    <subfield code="e">Autore</subfield>
    <subfield code="p">Un sorriso - L'immensit&#xE0; - Canzone</subfield>
    <subfield code="9">9609</subfield>
  </datafield>
  <datafield tag="700" ind1=" " ind2=" ">
    <subfield code="a">Backy Don</subfield>
    <subfield code="g">Codice autore testo/musica SPICS: 13846</subfield>
    <subfield code="e">Autore testo/musica</subfield>
    <subfield code="p">Un sorriso - L'immensit&#xE0; - Canzone</subfield>
    <subfield code="9">9610</subfield>
  </datafield>
  <datafield tag="700" ind1=" " ind2=" ">
    <subfield code="a">Charron Claude Y.</subfield>
    <subfield code="g">Codice autore musica SPICS: 18722</subfield>
    <subfield code="e">Autore musica</subfield>
    <subfield code="p">M'ama, non m'ama</subfield>
    <subfield code="9">9611</subfield>
  </datafield>
  <datafield tag="700" ind1=" " ind2=" ">
    <subfield code="a">Mogol (Rapetti Giulio)</subfield>
    <subfield code="g">Codice autore SPICS: 13643</subfield>
    <subfield code="e">Autore</subfield>
    <subfield code="p">M'ama, non m'ama - L'immensit&#xE0; - Little Man - Quando l'amore diventa poesia</subfield>
    <subfield code="9">9612</subfield>
  </datafield>
  <datafield tag="700" ind1=" " ind2=" ">
    <subfield code="a">Daiano Fontana Claudio</subfield>
    <subfield code="g">Codice autore testo/musica SPICS: 14335</subfield>
    <subfield code="e">Autore testo/musica</subfield>
    <subfield code="p">M'ama, non m'ama</subfield>
    <subfield code="9">9613</subfield>
  </datafield>
  <datafield tag="700" ind1=" " ind2=" ">
    <subfield code="a">Hatch Tony</subfield>
    <subfield code="g">Codice autore musica SPICS: 15530</subfield>
    <subfield code="e">Autore musica</subfield>
    <subfield code="p">Dipingi un mondo per me</subfield>
    <subfield code="9">9614</subfield>
  </datafield>
  <datafield tag="700" ind1=" " ind2=" ">
    <subfield code="a">Trent J.</subfield>
    <subfield code="g">Codice autore SPICS: 18008</subfield>
    <subfield code="e">Autore</subfield>
    <subfield code="p">Dipingi un mondo per me - Little Man</subfield>
    <subfield code="9">9615</subfield>
  </datafield>
  <datafield tag="700" ind1=" " ind2=" ">
    <subfield code="a">Gentile Enzo</subfield>
    <subfield code="g">Codice autore testo/musica SPICS: 6183</subfield>
    <subfield code="e">Autore testo/musica</subfield>
    <subfield code="p">Dipingi un mondo per me</subfield>
    <subfield code="9">9616</subfield>
  </datafield>
  <datafield tag="700" ind1=" " ind2=" ">
    <subfield code="a">Bono Sonny</subfield>
    <subfield code="g">Codice autore musica SPICS: 15581</subfield>
    <subfield code="e">Autore musica</subfield>
    <subfield code="p">Little Man</subfield>
    <subfield code="9">9617</subfield>
  </datafield>
  <datafield tag="700" ind1=" " ind2=" ">
    <subfield code="a">Bracardi Franco</subfield>
    <subfield code="g">Codice autore musica SPICS: 14180</subfield>
    <subfield code="e">Autore musica</subfield>
    <subfield code="p">Aveva un cuore grande</subfield>
    <subfield code="9">9618</subfield>
  </datafield>
  <datafield tag="700" ind1=" " ind2=" ">
    <subfield code="a">Pieretti D.</subfield>
    <subfield code="g">Codice autore musica SPICS: 15543</subfield>
    <subfield code="e">Autore musica</subfield>
    <subfield code="p">Quando sali de Cuba (Quando una stella cade)</subfield>
    <subfield code="9">9619</subfield>
  </datafield>
  <datafield tag="700" ind1=" " ind2=" ">
    <subfield code="a">Aguil&#xE9; Ramon</subfield>
    <subfield code="g">Codice autore SPICS: 27354</subfield>
    <subfield code="e">Autore</subfield>
    <subfield code="p">Quando sali de Cuba (Quando una stella cade)</subfield>
    <subfield code="9">9620</subfield>
  </datafield>
  <datafield tag="700" ind1=" " ind2=" ">
    <subfield code="a">Sanjust</subfield>
    <subfield code="g">Codice autore testo/musica SPICS: 18010</subfield>
    <subfield code="e">Autore testo/musica</subfield>
    <subfield code="p">Quando sali de Cuba (Quando una stella cade)</subfield>
    <subfield code="9">9621</subfield>
  </datafield>
  <datafield tag="700" ind1=" " ind2=" ">
    <subfield code="a">Soffici Piero</subfield>
    <subfield code="g">Codice autore testo/musica SPICS: 13661</subfield>
    <subfield code="e">Autore testo/musica</subfield>
    <subfield code="p">Quando l'amore diventa poesia</subfield>
    <subfield code="9">9622</subfield>
  </datafield>
  <datafield tag="700" ind1=" " ind2=" ">
    <subfield code="a">Tenco Luigi</subfield>
    <subfield code="g">Codice autore testo/musica SPICS: 13841</subfield>
    <subfield code="e">Autore testo/musica</subfield>
    <subfield code="p">Ho capito che ti amo</subfield>
    <subfield code="9">9623</subfield>
  </datafield>
  <datafield tag="942" ind1=" " ind2=" ">
    <subfield code="c">MD</subfield>
    <subfield code="2">ddc</subfield>
  </datafield>
  <datafield tag="952" ind1=" " ind2=" ">
    <subfield code="0">0</subfield>
    <subfield code="1">0</subfield>
    <subfield code="4">0</subfield>
    <subfield code="6">24211_000000000000000</subfield>
    <subfield code="7">1</subfield>
    <subfield code="a">SPICS</subfield>
    <subfield code="b">SPICS</subfield>
    <subfield code="d">2013-10-25</subfield>
    <subfield code="l">0</subfield>
    <subfield code="o">24211</subfield>
    <subfield code="r">2013-10-25 00:00:00</subfield>
    <subfield code="w">2013-10-25</subfield>
    <subfield code="y">MD</subfield>
    <subfield code="z">Progr. Ins.: 5058 / N.Vol.: 1 / Copie: 1 - Copia rara: n.d. / date import: 01.01.2014 - By Epidotti, Trombetti, Vaglietti</subfield>
  </datafield>
</record>
